Jacques-Olivier Boudon, Les Elites religieuses à l’époque de Napoléon. Dictionnaire des évêques et vicaires généraux du Ier Empire. Nouveau Monde éd., 2002, 316 pages, 34 ? (notice n° 1618963)
[ vue normale ]
| 000 -LEADER | |
|---|---|
| fixed length control field | 00929cam a2200157 4500500 |
| 005 - DATE AND TIME OF LATEST TRANSACTION | |
| control field | 20260111090441.0 |
| 041 ## - LANGUAGE CODE | |
| Language code of text/sound track or separate title | fre |
| 042 ## - AUTHENTICATION CODE | |
| Authentication code | dc |
| 100 10 - MAIN ENTRY--PERSONAL NAME | |
| Personal name | Vallin, Pierre |
| Relator term | author |
| 245 00 - TITLE STATEMENT | |
| Title | Jacques-Olivier Boudon, Les Elites religieuses à l’époque de Napoléon. Dictionnaire des évêques et vicaires généraux du Ier Empire. Nouveau Monde éd., 2002, 316 pages, 34 ? |
| 260 ## - PUBLICATION, DISTRIBUTION, ETC. | |
| Date of publication, distribution, etc. | 2003.<br/> |
| 500 ## - GENERAL NOTE | |
| General note | 78 |
| 520 ## - SUMMARY, ETC. | |
| Summary, etc. | RésuméToute exposition est une interprétation. Or, la plupart des visiteurs acceptant ce qu’on leur montre comme un fait. Ils font confiance aux experts. Ils sont sous influence. Il leur est difficile d’accéder à une liberté de jugement. Dans un tel système culturel, quel sera le rôle des critiques d’art ? |
| 786 0# - DATA SOURCE ENTRY | |
| Note | Études | 398 | 2 | 2003-02-01 | p. 266zg-287zg | 0014-1941 |
| 856 41 - ELECTRONIC LOCATION AND ACCESS | |
| Uniform Resource Identifier | <a href="https://shs.cairn.info/revue-etudes-2003-2-page-266zg?lang=fr&redirect-ssocas=7080">https://shs.cairn.info/revue-etudes-2003-2-page-266zg?lang=fr&redirect-ssocas=7080</a> |
Pas d'exemplaire disponible.




Réseaux sociaux